[Event "Najdorf Mem Open A 2014"]
[Site "Warsaw POL"]
[Date "2014.07.17"]
[Round "6.16"]
[White "Strugnell, Carl"]
[Black "Bernadskiy, Vitaliy"]
[Result "0-1"]
[WhiteTitle "FM"]
[BlackTitle "IM"]
[WhiteElo "2258"]
[BlackElo "2550"]
[WhiteFideId "616753"]
[BlackFideId "14100371"]
[EventDate "2014.07.14"]

1. e4 c5 2. Nc3 Nc6 3. Bb5 Nd4 4. Nf3 a6 5. Bd3 g6 6. O-O Bg7 7. b3 Nxf3+ 8.
Qxf3 d6 9. Bb2 Nh6 10. Nd1 e5 11. Bc4 O-O 12. Ne3 Kh8 13. c3 f5 14. d4 f4 15.
Nc2 Qh4 16. Rfe1 Ng4 17. h3 Nf6 18. Bf1 Nh5 19. Be2 Ng3 20. Bd1 Be6 21. Kh2 Nh5
22. Kg1 Rad8 23. Be2 Nf6 24. dxc5 d5 25. Bd3 dxe4 26. Bxe4 Nxe4 27. Rxe4 Rd2 28.
c4 Bf5 29. Bxe5 Bxe4 30. Bxg7+ Kg8 31. Qxe4 Qxf2+ 32. Kh1 Kxg7 33. Ne1 f3 34.
Qe7+ Rf7 35. Qe5+ Kh6 0-1

[Event "Najdorf Mem Open A 2014"]
[Site "Warsaw POL"]
[Date "2014.07.17"]
[Round "6.17"]
[White "Indjic, Aleksandar"]
[Black "Krysztofiak, Marcin"]
[Result "1-0"]
[WhiteTitle "GM"]
[BlackTitle "IM"]
[WhiteElo "2542"]
[BlackElo "2423"]
[WhiteFideId "911925"]
[BlackFideId "1114751"]
[EventDate "2014.07.14"]

1. d4 Nf6 2. c4 e6 3. Nf3 Bb4+ 4. Bd2 Qe7 5. Qc2 Bxd2+ 6. Nbxd2 d6 7. g3 e5 8.
e4 O-O 9. Bg2 exd4 10. Nxd4 d5 11. cxd5 Nxd5 12. O-O Nb4 13. Qc3 Rd8 14. N2b3 a5
15. a3 N4c6 16. Nf5 Qe5 17. Qxe5 Nxe5 18. Ne7+ Kf8 19. Nxc8 Rxc8 20. f4 Nec6 21.
e5 Ra6 22. Nc5 Rb6 23. Rf2 Ke7 24. Rc1 Rd8 25. Nxb7 Rxb7 26. Bxc6 Nxc6 27. Rxc6
Rd1+ 28. Kg2 Rb1 29. Rcc2 f6 30. exf6+ Kxf6 31. Kf3 h5 32. Rfd2 Rb6 33. Kg2 g5
34. fxg5+ Kxg5 35. Kh3 a4 36. Rd4 R6xb2 37. Rd5+ Kg6 38. Rc6+ Kf7 39. Rxh5 Rh1
40. Kg4 Rhxh2 41. Rxc7+ Ke6 42. Rxh2 Rxh2 43. Rc4 Ra2 44. Rxa4 Kf6 45. Ra6+ Kf7
46. Kg5 Ra1 47. Ra7+ Kf8 48. g4 Ra2 49. Kg6 Ra1 50. Ra8+ Ke7 51. g5 Ra2 52. Kg7
Ra1 53. g6 Ra2 54. Ra7+ Ke8 55. Kh8 Rg2 56. g7 Rh2+ 57. Kg8 1-0

[Event "Najdorf Mem Open A 2014"]
[Site "Warsaw POL"]
[Date "2014.07.17"]
[Round "6.18"]
[White "Beliavsky, Alexander G"]
[Black "Polok, Kacper"]
[Result "1-0"]
[WhiteTitle "GM"]
[WhiteElo "2631"]
[BlackElo "2215"]
[WhiteFideId "14602377"]
[BlackFideId "1137158"]
[EventDate "2014.07.14"]

1. d4 f5 2. g3 Nf6 3. Bg2 e6 4. Nf3 d5 5. O-O Bd6 6. b3 Qe7 7. a4 O-O 8. Ba3
Bxa3 9. Nxa3 a5 10. Qc1 b6 11. c3 Bb7 12. Qf4 c6 13. Rfc1 Nbd7 14. c4 Ne4 15. h4
Rac8 16. Ne5 Nxe5 17. Qxe5 f4 18. cxd5 cxd5 19. Rxc8 Bxc8 20. Nb5 fxg3 21. fxg3
Qb4 22. Bxe4 dxe4 23. Rf1 Rf5 24. Rxf5 exf5 25. Qd5+ Kf8 26. Qd8+ Kf7 27. Kf2 1-0

[Event "Najdorf Mem Open A 2014"]
[Site "Warsaw POL"]
[Date "2014.07.17"]
[Round "6.19"]
[White "Ben Artzi, Ido"]
[Black "Duda, Jan-Krzysztof"]
[Result "1/2-1/2"]
[WhiteTitle "FM"]
[BlackTitle "GM"]
[WhiteElo "2392"]
[BlackElo "2580"]
[WhiteFideId "2810913"]
[BlackFideId "1170546"]
[EventDate "2014.07.14"]

1. d4 Nf6 2. c4 e6 3. Nc3 Bb4 4. e3 O-O 5. Bd3 d5 6. Nf3 c5 7. O-O Nc6 8. cxd5
exd5 9. dxc5 Bxc5 10. h3 Qe7 11. b3 Rd8 12. Bb2 a6 13. Rc1 Ba7 14. Ne2 Ne4 15.
Ned4 Nxd4 16. Nxd4 Qg5 17. Nf3 Qe7 18. Nd4 Bxd4 19. Bxd4 Bf5 20. Qf3 Bg6 21. Rc2
Rac8 22. Rfc1 Rxc2 23. Rxc2 Qd6 24. Qg4 Nf6 25. Qd1 Bxd3 26. Qxd3 Ne4 27. Qd1
Ng5 28. Qh5 Ne6 29. Qe5 Qxe5 30. Bxe5 f6 31. Bb2 Kf7 32. f4 Rd7 33. f5 Nd8 34.
Rc8 Nc6 35. g4 h5 36. Kf2 hxg4 37. hxg4 Ne7 38. Rb8 g6 39. fxg6+ Nxg6 40. Rc8
Ne7 41. Rh8 Kg7 42. Rh2 Kg6 43. Kg3 Nc6 44. Rf2 Rd6 45. Rd2 1/2-1/2

[Event "Najdorf Mem Open A 2014"]
[Site "Warsaw POL"]
[Date "2014.07.17"]
[Round "6.20"]
[White "Przedmojski, Rafal"]
[Black "Jakubowski, Krzysztof"]
[Result "0-1"]
[BlackTitle "GM"]
[WhiteElo "2367"]
[BlackElo "2537"]
[WhiteFideId "1102451"]
[BlackFideId "1112848"]
[EventDate "2014.07.14"]

1. e4 c5 2. c3 d5 3. exd5 Qxd5 4. d4 Nc6 5. dxc5 Qxd1+ 6. Kxd1 Nf6 7. Bb5 e5 8.
b4 a5 9. Bb2 Bf5 10. Nd2 O-O-O 11. Bxc6 bxc6 12. Nf3 axb4 13. cxb4 Nd5 14. a3 f6
15. g3 Be7 16. Ke2 Rd7 17. Rhc1 Rhd8 18. Kf1 Bd3+ 19. Kg1 Be2 20. Kg2 Nc7 21.
Nc4 Rd3 22. Ng1 Bh5 23. Bxe5 fxe5 24. Nxe5 Bf6 25. Nxc6 Rf8 26. Rab1 Rd2 27. b5
Bb2 28. Na7+ Kb7 29. Rf1 Nd5 30. Rbe1 Kxa7 31. a4 Bd4 32. c6 Ne3+ 33. Kh1 Nxf1 0-1

[Event "Najdorf Mem Open A 2014"]
[Site "Warsaw POL"]
[Date "2014.07.17"]
[Round "6.21"]
[White "Schroeder, Jan-Christian"]
[Black "Raznikov, Danny"]
[Result "0-1"]
[WhiteTitle "FM"]
[BlackTitle "IM"]
[WhiteElo "2370"]
[BlackElo "2500"]
[WhiteFideId "24662259"]
[BlackFideId "2811154"]
[EventDate "2014.07.14"]

1. e4 c5 2. Nf3 d6 3. d4 cxd4 4. Nxd4 Nf6 5. Nc3 a6 6. Be3 e5 7. Nf3 Qc7 8. a4
Be6 9. a5 Qc6 10. Ng5 d5 11. exd5 Bxd5 12. Nxd5 Nxd5 13. Bd2 h6 14. Nf3 Nd7 15.
Bd3 Bd6 16. O-O O-O 17. Nh4 N7f6 18. Qf3 Rfe8 19. Rfe1 Nf4 20. Qxc6 bxc6 21. Bf1
N4d5 22. Nf5 Bf8 23. Ra4 Kh7 24. Rc4 Re6 25. g3 Rb8 26. b3 g6 27. Bh3 Ree8 28.
Ne3 c5 29. Bf1 Rbd8 30. Nxd5 Nxd5 31. Bc1 f5 32. Ba3 Rc8 33. f3 h5 34. Bb2 Bg7
35. Ba3 e4 36. fxe4 Bd4+ 37. Kh1 Rxe4 38. Rxe4 fxe4 39. Bh3 e3 0-1

[Event "Najdorf Mem Open A 2014"]
[Site "Warsaw POL"]
[Date "2014.07.17"]
[Round "6.22"]
[White "Debashis, Das"]
[Black "Mu, Ke"]
[Result "1/2-1/2"]
[WhiteTitle "GM"]
[WhiteElo "2484"]
[BlackElo "2409"]
[WhiteFideId "5024854"]
[BlackFideId "8602778"]
[EventDate "2014.07.14"]

1. c4 Nf6 2. Nc3 g6 3. e4 d6 4. d4 Bg7 5. Nf3 O-O 6. Be2 e5 7. Be3 exd4 8. Nxd4
Re8 9. Qc2 Nc6 10. Rd1 Ng4 11. Bxg4 Bxg4 12. f3 Nxd4 13. Bxd4 Be6 14. b3 Qg5 15.
Bxg7 Qe3+ 16. Qe2 Qxe2+ 17. Kxe2 Kxg7 18. Kf2 a6 19. Rd2 Rab8 20. a4 f6 21. Rc1
Re7 22. Rd4 Rf8 23. Re1 h5 24. Rd3 Rfe8 25. Rd2 Kf8 26. Rc1 Rf7 27. Ne2 f5 28.
exf5 Rxf5 29. h4 Bf7 30. Nc3 Re7 31. Rd4 Kg7 32. Rcd1 Rfe5 33. R4d3 Bg8 34. R1d2
Bf7 35. f4 Rf5 36. g3 Bg8 37. Rd4 Rf8 38. Nd5 Bxd5 39. cxd5 a5 40. Rc2 Kf6 41.
Rdc4 Rff7 42. Kf3 Kf5 43. R2c3 Rh7 44. b4 axb4 45. Rxb4 b6 46. Rbc4 Rhf7 47. Rc1
Rh7 48. Rg1 Rhg7 49. Rgc1 Rh7 50. R1c2 Rhg7 51. R2c3 Rgf7 52. Re3 Rxe3+ 53. Kxe3
Kg4 54. Kf2 Re7 55. Rc3 Re4 56. Rxc7 Rxa4 57. Rc6 Ra2+ 58. Ke3 Ra3+ 59. Ke4 Ra4+
60. Kd3 Kxg3 61. Rxd6 1/2-1/2

[Event "Najdorf Mem Open A 2014"]
[Site "Warsaw POL"]
[Date "2014.07.17"]
[Round "6.23"]
[White "Nguyen, Piotr"]
[Black "Kanarek, Marcel"]
[Result "0-1"]
[BlackTitle "IM"]
[WhiteElo "2339"]
[BlackElo "2471"]
[WhiteFideId "1127993"]
[BlackFideId "1126822"]
[EventDate "2014.07.14"]

1. f4 g6 2. Nf3 Bg7 3. g3 Nf6 4. Bg2 O-O 5. O-O c5 6. d3 Nc6 7. Nc3 Rb8 8. Nh4
b5 9. e4 b4 10. Ne2 Nd4 11. Nxd4 cxd4 12. f5 d6 13. g4 Bb7 14. g5 Nd7 15. Bf4
Ne5 16. Qe2 Rc8 17. Rf2 Rc5 18. Raf1 Qc7 19. Bh3 Bc8 20. Ng2 Bd7 21. Ne1 Qa5 22.
Bd2 Qb5 23. fxg6 hxg6 24. Bxd7 Qxd7 25. Rf4 Ra5 26. a3 bxa3 27. Bxa5 axb2 28.
Ng2 Qb5 29. Rb1 Qxa5 30. h4 Qb6 31. h5 Rc8 32. Nh4 e6 33. Qh2 gxh5 34. Qe2 Ng6
35. Nxg6 fxg6 36. Rf2 a5 37. Qf1 Qb5 38. Kh1 Rb8 39. Rf7 Qxg5 40. Qf2 Qc1+ 41.
Qf1 Qxf1+ 42. Rfxf1 a4 0-1

[Event "Najdorf Mem Open A 2014"]
[Site "Warsaw POL"]
[Date "2014.07.17"]
[Round "6.24"]
[White "Givon, Asaf"]
[Black "Stoma, Pawel"]
[Result "1-0"]
[WhiteTitle "IM"]
[WhiteElo "2452"]
[BlackElo "2326"]
[WhiteFideId "2801841"]
[BlackFideId "1113569"]
[EventDate "2014.07.14"]

1. e4 c6 2. d4 d5 3. Nd2 dxe4 4. Nxe4 Bf5 5. Ng3 Bg6 6. h4 h6 7. Nf3 Nd7 8. Bd3
Bxd3 9. Qxd3 e6 10. Bd2 Ngf6 11. O-O-O Be7 12. Qe2 O-O 13. Nf1 c5 14. g4 Nxg4
15. Rg1 h5 16. Ng3 g6 17. Nxh5 gxh5 18. Nh2 Nf6 19. Nxg4 hxg4 20. Rxg4+ Kh8 21.
Rg5 Nh7 22. Rh5 1-0

[Event "Najdorf Mem Open A 2014"]
[Site "Warsaw POL"]
[Date "2014.07.17"]
[Round "6.25"]
[White "Przybylski, Wojciech"]
[Black "Luch, Michal"]
[Result "1-0"]
[WhiteTitle "FM"]
[BlackTitle "IM"]
[WhiteElo "2313"]
[BlackElo "2447"]
[WhiteFideId "1117599"]
[BlackFideId "1120042"]
[EventDate "2014.07.14"]

1. e4 c5 2. Nf3 e6 3. b3 b6 4. Bb2 Bb7 5. Qe2 d6 6. d4 cxd4 7. Nxd4 Nf6 8. Nd2
Nc6 9. Qe3 Be7 10. Bb5 Rc8 11. c4 O-O 12. Bxc6 Bxc6 13. Nxc6 Rxc6 14. O-O Qb8
15. Nf3 Rcc8 16. a4 Rfe8 17. Rfd1 Qb7 18. e5 Ng4 19. Qf4 Nxe5 20. Nxe5 dxe5 21.
Bxe5 Rc5 22. Rd3 f6 23. Bc3 Rg5 24. g3 Bc5 25. Qd2 h5 26. Rd8 Rxd8 27. Qxd8+ Kh7
28. Qd3+ Rf5 29. Bd4 Qf3 30. Be3 h4 31. Re1 Kg6 32. Qf1 hxg3 33. hxg3 Bxe3 34.
Rxe3 Qxe3 35. fxe3 Rxf1+ 36. Kxf1 Kf5 37. b4 Ke4 38. Ke2 f5 39. Kd2 e5 40. Ke2
f4 41. b5 fxe3 42. c5 1-0

[Event "Najdorf Mem Open A 2014"]
[Site "Warsaw POL"]
[Date "2014.07.17"]
[Round "6.26"]
[White "Nurkiewicz, Maciej"]
[Black "Bednarek, Sylwester"]
[Result "1/2-1/2"]
[BlackTitle "FM"]
[WhiteElo "2392"]
[BlackElo "2311"]
[WhiteFideId "1107046"]
[BlackFideId "1101811"]
[EventDate "2014.07.14"]

1. d4 d5 2. c4 c6 3. Nf3 e6 4. Nc3 f5 5. e3 Nf6 6. Bd3 Bd6 7. O-O O-O 8. b3 Ne4
9. Bb2 Nd7 10. Ne2 Qf6 11. Ne1 Qh6 12. f4 g5 13. g3 Ndf6 14. Nf3 Rf7 15. Bxe4
Nxe4 16. fxg5 Nxg5 17. Nxg5 Qxg5 18. Nf4 Bd7 19. Qf3 Raf8 20. Rad1 1/2-1/2

[Event "Najdorf Mem Open A 2014"]
[Site "Warsaw POL"]
[Date "2014.07.17"]
[Round "6.27"]
[White "Bartel, Michal"]
[Black "Klekowski, Maciej"]
[Result "1/2-1/2"]
[WhiteTitle "FM"]
[WhiteElo "2296"]
[BlackElo "2385"]
[WhiteFideId "1119257"]
[BlackFideId "1132717"]
[EventDate "2014.07.14"]

1. e4 c5 2. Nf3 Nc6 3. Bb5 Qb6 4. Bxc6 Qxc6 5. d3 e6 6. O-O d6 7. Re1 Nf6 8. Nc3
a6 9. Bg5 Be7 10. d4 cxd4 11. Qxd4 1/2-1/2

[Event "Najdorf Mem Open A 2014"]
[Site "Warsaw POL"]
[Date "2014.07.17"]
[Round "6.28"]
[White "Shvayger, Yuliya"]
[Black "Czerwonski, Aleksander"]
[Result "0-1"]
[WhiteTitle "WIM"]
[BlackTitle "IM"]
[WhiteElo "2287"]
[BlackElo "2380"]
[WhiteFideId "14100126"]
[BlackFideId "1100459"]
[EventDate "2014.07.14"]

1. e4 d6 2. d4 Nf6 3. Nc3 g6 4. Bg5 Bg7 5. Qd2 h6 6. Bh4 g5 7. Bg3 Nh5 8. O-O-O
Nxg3 9. hxg3 Nd7 10. f4 c5 11. Nge2 Qa5 12. e5 Nb6 13. Qd3 Bg4 14. exd6 cxd4 15.
Qb5+ Qxb5 16. Nxb5 Nd5 17. Nbxd4 O-O-O 18. dxe7 Nxe7 19. c3 Bxd4 20. cxd4 Nf5
21. Rd3 Rhe8 22. Kd2 Nd6 23. Rxh6 Nc4+ 24. Ke1 Ne3 25. Kf2 Nxf1 26. Ng1 Bd7 27.
Rc3+ Kb8 28. Kxf1 Bb5+ 29. Kf2 Rxd4 30. Nf3 Rd1 31. Ne5 Rd2+ 32. Kg1 g4 33. Rb3
Bc4 34. Re3 Bb5 35. Rb3 Bc4 36. Re3 Rd1+ 37. Kh2 Bb5 38. Nxg4 Red8 39. Ne5 Rb1
40. Nxf7 Rd2 41. Re7 a5 42. Rd6 Rdxb2 43. g4 Bf1 44. Kg3 Rxa2 45. Ne5 Rxg2+ 46.
Kf3 Rc2 47. f5 a4 48. f6 Bb5 49. f7 Rf1+ 50. Kg3 Rcf2 51. Rb6 Ba6 52. g5 Rf5 53.
Nd7+ Ka7 54. Rf6 Rxg5+ 55. Kh4 Rfg1 56. Kh3 Rh5# 0-1

[Event "Najdorf Mem Open A 2014"]
[Site "Warsaw POL"]
[Date "2014.07.17"]
[Round "6.29"]
[White "Nowicki, Bartosz"]
[Black "Kukawski, Maciej"]
[Result "1/2-1/2"]
[WhiteElo "2256"]
[BlackElo "2346"]
[WhiteFideId "1179730"]
[BlackFideId "1124579"]
[EventDate "2014.07.14"]

1. e4 c5 2. Nf3 d6 3. d4 cxd4 4. Nxd4 Nf6 5. Nc3 e6 6. g4 h6 7. Rg1 Be7 8. Be3
Nc6 9. Be2 Bd7 10. Qd2 Nxd4 11. Qxd4 Bc6 12. f4 g5 13. fxg5 hxg5 14. O-O-O Qb6
15. Qd2 Qa5 16. Kb1 Rxh2 17. Bxg5 Rxe2 18. Nxe2 Qxd2 19. Bxd2 Bxe4 20. Nc3 Bg6
21. Bg5 d5 22. Rdf1 1/2-1/2

[Event "Najdorf Mem Open A 2014"]
[Site "Warsaw POL"]
[Date "2014.07.17"]
[Round "6.30"]
[White "Warszawski, Bartosz"]
[Black "Barle, Janez"]
[Result "1/2-1/2"]
[BlackTitle "IM"]
[WhiteElo "2247"]
[BlackElo "2345"]
[WhiteFideId "1110799"]
[BlackFideId "14600021"]
[EventDate "2014.07.14"]

1. e4 c5 2. Nf3 a6 3. Nc3 e6 4. d4 cxd4 5. Nxd4 d5 6. exd5 exd5 7. Be2 Bb4 8.
O-O Ne7 9. Bf3 O-O 10. Bg5 f6 11. Be3 Nbc6 12. Nb3 Bxc3 13. bxc3 b6 14. c4 Ne5
15. Bxd5+ Nxd5 16. Qxd5+ Qxd5 17. cxd5 Nc4 18. Rfd1 Bd7 19. Nd4 Rfe8 20. Rab1
Rac8 21. Rd3 b5 22. Bf4 Re4 23. Bg3 Nb6 24. f3 Ree8 25. d6 Rc4 26. Bf2 Na4 27.
Re1 Rxe1+ 28. Bxe1 Nc5 29. Rd2 Nb7 30. Bg3 h5 31. h4 Kf8 32. Nb3 Rc6 33. Nd4 Rc4
34. Nb3 Rc6 35. Kf2 a5 36. Ke1 Ra6 37. Rd5 g6 38. Nc5 Nxc5 39. Rxc5 Ke8 40. Kd2
Rc6 41. Rxc6 Bxc6 42. a3 a4 43. Ke3 Kd7 44. Kd4 Ke6 45. Kc5 Be8 46. Be1 f5 47.
Bb4 Bd7 48. Kd4 Bc6 49. Ke3 Be8 50. Kf4 Bc6 51. Kg5 Kf7 52. Kf4 1/2-1/2

[Event "Najdorf Mem Open A 2014"]
[Site "Warsaw POL"]
[Date "2014.07.17"]
[Round "6.31"]
[White "Cukrowski, Filip"]
[Black "Deszczynski, Adam"]
[Result "1/2-1/2"]
[WhiteElo "2230"]
[BlackElo "2341"]
[WhiteFideId "1171097"]
[BlackFideId "1102753"]
[EventDate "2014.07.14"]

1. e4 c5 2. Nf3 Nc6 3. d4 cxd4 4. Nxd4 g6 5. c4 Bg7 6. Nc2 Nf6 7. Nc3 d6 8. Be2
O-O 9. Be3 Nd7 10. O-O Nc5 11. f3 f5 12. exf5 Bxf5 13. Qd2 Bxc2 14. Qxc2 Bd4 15.
Qd2 e5 16. Bxd4 Nxd4 17. b4 Nce6 18. Bd3 a5 19. b5 Rc8 20. Kh1 Kg7 21. Rae1 Qg5
22. Qxg5 Nxg5 23. f4 exf4 24. Re7+ Rf7 25. Rxf7+ Nxf7 26. Rxf4 Ne6 27. Rh4 Nc5
28. Bf1 Re8 29. Rd4 Re3 30. Nd5 Re1 31. Kg1 Ng5 32. Nc7 Ra1 33. Ne8+ Kf8 34.
Nxd6 Rxa2 35. b6 a4 36. Nb5 Nge4 37. Rd1 Rd2 38. Ra1 Nb3 39. Re1 Nd6 40. Nc3 a3
41. c5 Nxc5 42. Ra1 Rb2 43. Rxa3 Rxb6 44. Be2 Rb3 45. Rxb3 Nxb3 46. h4 Nd4 47.
Bd3 N6f5 48. h5 gxh5 49. Be4 b6 50. Nd5 b5 51. Nf6 h4 52. Nxh7+ Kg7 53. Ng5 Kf6
54. Nf3 Nxf3+ 55. Bxf3 b4 56. Bd5 Ne3 57. Ba2 Ng4 58. Kf1 Ke5 59. Ke2 Kf4 60.
Be6 Ne3 61. Kd2 Nxg2 62. Kc2 Ne3+ 63. Kb3 Nf5 64. Kxb4 h3 65. Kc3 h2 66. Bd5 Ke3
67. Ba8 Nd4 68. Bh1 Nf3 69. Kc2 Ke2 70. Kc1 Nh4 71. Kc2 Kf2 72. Kd2 Ng2 73. Kd1
Kg1 74. Ke2 Nf4+ 75. Ke1 Kxh1 76. Kf2 Nd5 77. Kf1 1/2-1/2

[Event "Najdorf Mem Open A 2014"]
[Site "Warsaw POL"]
[Date "2014.07.17"]
[Round "6.32"]
[White "Plichta, Kamil"]
[Black "Loos, Roland"]
[Result "1-0"]
[WhiteElo "2247"]
[BlackElo "2335"]
[WhiteFideId "1141830"]
[BlackFideId "4643232"]
[EventDate "2014.07.14"]

1. c4 Nf6 2. d4 g6 3. Nc3 Bg7 4. e4 O-O 5. Be3 d6 6. f3 e5 7. Nge2 c6 8. Qd2
Nbd7 9. d5 Qe7 10. g4 cxd5 11. cxd5 a6 12. Ng3 b5 13. h4 Nc5 14. h5 b4 15. Nd1
Bxg4 16. Bxc5 Bxf3 17. h6 Bxh1 18. hxg7 Rfb8 19. Bxb4 Nxe4 20. Nxe4 Bxe4 21. Rc1
Kxg7 22. Nf2 Rxb4 23. Qxb4 Bxd5 24. Rd1 Qe6 25. Bh3 f5 26. Qa5 Bf3 27. Qc7+ Qf7
28. Qxf7+ Kxf7 29. Rxd6 e4 30. Bf1 Rc8 31. Bxa6 Rc2 32. Nd1 f4 33. Rd2 Rc1 34.
Be2 Bxe2 35. Kxe2 g5 36. b4 Ke6 37. b5 g4 38. b6 Rb1 39. Nb2 e3 40. Rc2 Rh1 41.
b7 1-0

[Event "Najdorf Mem Open A 2014"]
[Site "Warsaw POL"]
[Date "2014.07.17"]
[Round "6.33"]
[White "Cabezas Ayala, Ivan"]
[Black "Nowak, Lukasz2"]
[Result "1-0"]
[WhiteTitle "FM"]
[WhiteElo "2333"]
[BlackElo "2110"]
[WhiteFideId "2207710"]
[BlackFideId "1166760"]
[EventDate "2014.07.14"]

1. e4 c5 2. Nf3 d6 3. d4 cxd4 4. Nxd4 Nf6 5. Nc3 a6 6. g3 e5 7. Nde2 Be6 8. Bg2
Nbd7 9. h3 h5 10. O-O Be7 11. a4 O-O 12. b3 h4 13. f4 Nc5 14. f5 Bc8 15. g4 Nh7
16. Nd5 Bf6 17. Nec3 Bg5 18. a5 b5 19. axb6 Bb7 20. Kh1 Nd7 21. Bxg5 Nxg5 22.
Qd2 f6 23. Qf2 Rc8 24. Qe3 Nc5 25. Rfd1 Qe8 26. Bf1 1-0

[Event "Najdorf Mem Open A 2014"]
[Site "Warsaw POL"]
[Date "2014.07.17"]
[Round "6.34"]
[White "Lewtak, Damian"]
[Black "Jakubiec, Edyta"]
[Result "1-0"]
[BlackTitle "WIM"]
[WhiteElo "2331"]
[BlackElo "2189"]
[WhiteFideId "1141724"]
[BlackFideId "1114158"]
[EventDate "2014.07.14"]

1. e4 c5 2. Nf3 d6 3. Bb5+ Nc6 4. c3 Qb6 5. Qe2 Bd7 6. O-O Nf6 7. Ba4 e6 8. Rd1
Be7 9. d4 O-O 10. Bc2 cxd4 11. Nxd4 Nxd4 12. cxd4 e5 13. Qd2 Rac8 14. Nc3 Rc4
15. d5 Rd4 16. Qe1 Ng4 17. Kh1 Rc8 18. Kg1 Bd8 19. g3 Rxd1 20. Bxd1 f5 21. Bxg4
fxg4 22. Qe2 Qa5 23. Be3 b5 24. Qd2 b4 25. Ne2 Rc4 26. b3 Rxe4 27. Qc2 Qxd5 28.
Rd1 Qb7 29. Rxd6 Rxe3 30. fxe3 Bb6 31. Qc4+ Kf8 32. Qd5 Bxe3+ 33. Kf1 Qxd5 34.
Rxd5 Bc6 35. Rxe5 Bb6 36. Nf4 Kf7 37. Rf5+ Kg8 38. Ne6 h6 39. Rf8+ Kh7 40. Rf4
Bb5+ 41. Ke1 Bd3 42. Kd2 Bb1 43. Rxg4 g5 44. Rc4 Kg6 45. g4 Kf6 46. Nc5 1-0

[Event "Najdorf Mem Open A 2014"]
[Site "Warsaw POL"]
[Date "2014.07.17"]
[Round "6.35"]
[White "Wiewiora, Eneasz"]
[Black "Korchmar, Vasiliy"]
[Result "1/2-1/2"]
[BlackTitle "FM"]
[WhiteElo "2218"]
[BlackElo "2352"]
[WhiteFideId "1140396"]
[BlackFideId "24131750"]
[EventDate "2014.07.14"]

1. e4 c5 2. c3 d6 3. d4 Nf6 4. Bd3 e5 5. Nf3 Nc6 6. dxe5 dxe5 7. O-O Be7 8. Qe2
O-O 9. Nbd2 Qc7 10. Nc4 h6 11. Ne3 Be6 12. Nf5 Bxf5 13. exf5 Rfe8 14. Nd2 Rad8
15. Bc2 a6 16. g3 b5 17. h4 c4 18. Ne4 Na5 19. a4 b4 20. Nxf6+ Bxf6 21. cxb4 Nc6
22. Be4 Nxb4 23. Be3 Nd3 24. Rfd1 Qb8 25. Bxd3 cxd3 26. Rxd3 Rxd3 27. Qxd3 Qxb2
28. Rc1 Qb7 29. Rb1 Qc6 30. Rb6 Qxa4 31. Qxa6 Qe4 32. Qb5 Rd8 33. Rb8 Rxb8 34.
Qxb8+ Kh7 35. Qc8 Qd5 36. Kh2 e4 37. Qc5 Qxc5 38. Bxc5 g6 39. fxg6+ Kxg6 40. Kg2
Kf5 41. f3 h5 42. Be3 Bc3 43. fxe4+ Kxe4 44. Bb6 Bd2 45. Bc7 f5 46. Bb6 Be3 47.
Bc7 Bd2 48. Bb6 Be3 1/2-1/2

[Event "Najdorf Mem Open A 2014"]
[Site "Warsaw POL"]
[Date "2014.07.17"]
[Round "6.36"]
[White "Obrusnik, Michal"]
[Black "Halak, Miklos"]
[Result "1/2-1/2"]
[WhiteElo "2306"]
[BlackElo "2213"]
[WhiteFideId "1136674"]
[BlackFideId "726400"]
[EventDate "2014.07.14"]

1. e4 d6 2. d4 Nf6 3. Nc3 Nbd7 4. Nf3 e5 5. Bc4 h6 6. O-O Be7 7. h3 O-O 8. Re1
c6 9. a4 Re8 10. Ba2 Qc7 11. Nh4 Nf8 12. Nf5 Bxf5 13. exf5 exd4 14. Qxd4 d5 15.
Bf4 Bc5 16. Qd2 1/2-1/2

[Event "Najdorf Mem Open A 2014"]
[Site "Warsaw POL"]
[Date "2014.07.17"]
[Round "6.37"]
[White "Adamski, Jan"]
[Black "Cajbel, Maciej"]
[Result "1/2-1/2"]
[WhiteTitle "IM"]
[WhiteElo "2293"]
[BlackElo "2206"]
[WhiteFideId "1100190"]
[BlackFideId "1123475"]
[EventDate "2014.07.14"]

1. Nf3 g6 2. c4 Bg7 3. d4 c5 4. e4 cxd4 5. Nxd4 Nc6 6. Be3 Nf6 7. Nc3 d6 8. Be2
O-O 9. Qd2 Bd7 10. f3 Nxd4 11. Bxd4 a5 12. b3 Bc6 13. Rb1 Nd7 14. Be3 Nc5 15. a3
f5 16. exf5 1/2-1/2

[Event "Najdorf Mem Open A 2014"]
[Site "Warsaw POL"]
[Date "2014.07.17"]
[Round "6.38"]
[White "Vaarala, Eric"]
[Black "Wisniowska, Klaudia"]
[Result "0-1"]
[BlackTitle "WFM"]
[WhiteElo "2282"]
[BlackElo "2186"]
[WhiteFideId "1711962"]
[BlackFideId "1181238"]
[EventDate "2014.07.14"]

1. d4 g6 2. c4 Bg7 3. Nc3 Nf6 4. e4 d6 5. f3 O-O 6. Nge2 Nc6 7. Be3 a6 8. Qd2
Na5 9. Ng3 b5 10. Bh6 Nxc4 11. Bxc4 bxc4 12. h4 e5 13. Bxg7 Kxg7 14. h5 Ng8 15.
O-O-O Be6 16. Nge2 h6 17. g3 g5 18. Qe3 Qe7 19. dxe5 dxe5 20. Na4 Rfd8 21. Nc5
Rd6 22. Nxe6+ Qxe6 23. g4 Rad8 24. Nc3 Ne7 25. Qa7 Rxd1+ 26. Rxd1 Qb6 27. Qxb6
Rxd1+ 28. Nxd1 cxb6 29. Ne3 b5 30. Kd2 Kf6 31. Kc3 Ke6 32. Kd2 Kd6 33. Kc3 Kc5
34. b4+ cxb3 35. axb3 a5 36. Kd3 a4 37. bxa4 bxa4 38. Kc3 f6 39. Nc2 Nc6 40. Ne3
Ne7 41. Nc2 Nc6 42. Ne3 Nd4 43. Kb2 Kb5 44. Ka3 Ka5 45. Nc4+ Ka6 46. Nd6 Nb5+ 0-1